000 00985nas a2200205 4500
001 3298
005 20181127170940.0
022 0 0 _a
090 0 0 _a339.35498 N27711n
245 0 0 _aNational accounts statistics /
_b
_cNational Statistics Bureau, Royal Government of Bhutan.
260 0 0 _aThimphu :
_bNational Statisics Bureau.
_c
300 0 0 _av. : col. ill.
310 0 0 _aAnnual
500 0 0 _aElectronic copy available on RTC Cloud in "Library" folder
650 0 0 _aNational income --Bhutan --Accounting --Statistics.
_x
856 _a
_uhttp://www.nsb.gov.bt/publication/files/pub3sp4293ry.pdf
_yNational Accounts Statistics 2014.
_z
_3
856 _a
_uhttp://www.nsb.gov.bt/publication/files/pub7mz4450wg.pdf
_yNational accounts statistics 2013.
_z
_3
856 _a
_uhttp://www.nsb.gov.bt/publication/files/pub7nw7416on.pdf
_yNational accounts statistics 2000-2006
_z
_3
856 _aNational accounts statistics 2015.
_uhttp://www.nsb.gov.bt/nsbweb/publication/files/pub3qe2443ja.pdf
_y
_z
_3
999 _c2664
_d2664